Исследование процессов старения люминофоров и газоразрядных источников света; Разработать метод ускоренного контроля радиационной стойкости люминофоров: промежуточный отчет о НИР; тема: № 1-32/76; проблема 0.14.06.01.

Podrobná bibliografie
Korporativní autor: Томский политехнический институт (ТПИ) (595)
Další autoři: Лисицын В. М. Виктор Михайлович (руководитель), Штанько В. Ф. Виктор Федорович (исполнитель)
Jazyk:ruština
Vydáno: Томск, 1978
Témata:
Médium: MixedMaterials Kniha
KOHA link:https://koha.lib.tpu.ru/cgi-bin/koha/opac-detail.pl?biblionumber=175511

MARC

LEADER 00000nbm0a2200000 4500
001 175511
005 20240119120216.0
029 0 0 |a SU  |b 77052978  |f ТПУ 
035 |a (RuTPU)RU\TPU\book\190300 
035 |a RU\TPU\book\189635 
090 |a 175511 
100 |a 20100215d1978 k y0rusy50 ca 
101 0 |a rus 
102 |a RU 
105 |a a p 001zy 
200 1 |a Исследование процессов старения люминофоров и газоразрядных источников света  |a Разработать метод ускоренного контроля радиационной стойкости люминофоров  |e промежуточный отчет о НИР  |e тема: № 1-32/76  |e проблема 0.14.06.01.  |f Томский политехнический институт (ТПИ) ; руководитель В. М. Лисицын ; В. Ф. Штанько 
210 |a Томск  |d 1978 
215 |a 17 л. 
320 |a Библиогр.: с. 17 
610 1 |a отчеты о НИР 
610 1 |a источники света 
610 1 |a газоразрядные источники 
610 1 |a старение 
610 1 |a люминофоры 
610 1 |a исследование процессов 
610 1 |a радиационная стойкость 
610 1 |a галофосфат кальция 
610 1 |a труды учёных ТПУ 
675 |a 621.327(048)  |v 3 
702 1 |a Лисицын  |b В. М.  |c физик  |c профессор Томского политехнического университета, кандидат физико-математических наук  |f 1939-  |g Виктор Михайлович  |3 (RuTPU)RU\TPU\pers\10510  |4 673  |9 2237 
702 1 |a Штанько  |b В. Ф.  |c физик  |c профессор Томского политехнического университета, доктор физико-математических наук  |f 1948-  |g Виктор Федорович  |3 (RuTPU)RU\TPU\pers\25978  |4 677  |9 11827 
712 0 2 |a Томский политехнический институт (ТПИ)  |c (1944-1991)  |3 (RuTPU)RU\TPU\col\1123  |4 595 
801 1 |a RU  |b 63413507  |c 20100205 
801 2 |a RU  |b 63413507  |c 20160303  |g RCR 
942 |c BK